<?xml version="1.0" encoding="UTF-8"?>
<record
    xmlns:xsi="http://www.w3.org/2001/XMLSchema-instance"
    xsi:schemaLocation="http://www.loc.gov/MARC21/slim http://www.loc.gov/standards/marcxml/schema/MARC21slim.xsd"
    xmlns="http://www.loc.gov/MARC21/slim">

  <leader>01415nam a22003015a 4500</leader>
  <controlfield tag="003">OSt</controlfield>
  <controlfield tag="005">20180304140533.0</controlfield>
  <controlfield tag="008">180304s1996    xxu    frb    000 0 ara d</controlfield>
  <datafield tag="017" ind1=" " ind2=" ">
    <subfield code="a">96 / 3097</subfield>
  </datafield>
  <datafield tag="040" ind1=" " ind2=" ">
    <subfield code="a">EG-ScBUE</subfield>
    <subfield code="b">ara</subfield>
    <subfield code="c">EG-ScBUE</subfield>
  </datafield>
  <datafield tag="041" ind1="1" ind2=" ">
    <subfield code="a">ara</subfield>
    <subfield code="h">eng</subfield>
  </datafield>
  <datafield tag="043" ind1=" " ind2=" ">
    <subfield code="a">n-us---</subfield>
    <subfield code="a">a-le---</subfield>
  </datafield>
  <datafield tag="082" ind1="0" ind2="4">
    <subfield code="a">355.34320973</subfield>
    <subfield code="b">&#x643; &#x648; &#x62F;</subfield>
    <subfield code="2">22</subfield>
  </datafield>
  <datafield tag="100" ind1="1" ind2=" ">
    <subfield code="a">&#x643;&#x648;&#x62F;&#x627;&#x631;&#x62F;&#x60C; &#x62F;&#x648;&#x646;&#x627;&#x644;&#x62F;.</subfield>
    <subfield code="9">29694</subfield>
  </datafield>
  <datafield tag="245" ind1="1" ind2="0">
    <subfield code="a">&#x641;&#x64A; &#x642;&#x628;&#x636;&#x629; &#x627;&#x644;&#x623;&#x62E;&#x637;&#x628;&#x648;&#x637; :</subfield>
    <subfield code="b">&#x645;&#x646; &#x628;&#x64A;&#x631;&#x648;&#x62A; &#x625;&#x644;&#x649; &#x644;&#x648;&#x643;&#x631;&#x628;&#x64A; : &#x62E;&#x641;&#x627;&#x64A;&#x627; &#x627;&#x644;&#x645;&#x62E;&#x627;&#x628;&#x631;&#x627;&#x62A; &#x627;&#x644;&#x639;&#x633;&#x643;&#x631;&#x64A;&#x629; &#x627;&#x644;&#x623;&#x645;&#x631;&#x64A;&#x643;&#x64A;&#x629; /</subfield>
    <subfield code="c">&#x62F;&#x648;&#x646;&#x627;&#x644;&#x62F; &#x643;&#x648;&#x62F;&#x627;&#x631;&#x62F;&#x60C; &#x644;&#x64A;&#x633;&#x62A;&#x631; &#x646;&#x648;&#x643;&#x633; &#x643;&#x648;&#x644;&#x645;&#x627;&#x646; &#x61B; &#x627;&#x644;&#x62A;&#x631;&#x62C;&#x645;&#x629; &#x648;&#x627;&#x644;&#x62A;&#x639;&#x631;&#x64A;&#x628; &#x648;&#x627;&#x644;&#x625;&#x639;&#x62F;&#x627;&#x62F; &#x645;&#x624;&#x633;&#x633;&#x629; &#x622;&#x62F;&#x645; &#x644;&#x644;&#x646;&#x634;&#x631;.</subfield>
  </datafield>
  <datafield tag="250" ind1=" " ind2=" ">
    <subfield code="a">&#x637;. 1.</subfield>
  </datafield>
  <datafield tag="260" ind1=" " ind2=" ">
    <subfield code="a">&#x645;&#x627;&#x644;&#x637;&#x627; &#x61B;</subfield>
    <subfield code="a">&#x644;&#x646;&#x62F;&#x646; :</subfield>
    <subfield code="b">&#x645;&#x624;&#x633;&#x633;&#x629; &#x622;&#x62F;&#x645; &#x644;&#x644;&#x646;&#x634;&#x631;&#x60C;</subfield>
    <subfield code="c">1996.</subfield>
  </datafield>
  <datafield tag="300" ind1=" " ind2=" ">
    <subfield code="a">391 &#x635;. &#x61B;</subfield>
    <subfield code="c">24 &#x633;&#x645;.</subfield>
  </datafield>
  <datafield tag="504" ind1=" " ind2=" ">
    <subfield code="a">&#x64A;&#x634;&#x62A;&#x645;&#x644; &#x639;&#x644;&#x649; &#x625;&#x631;&#x62C;&#x627;&#x639;&#x627;&#x62A; &#x628;&#x628;&#x644;&#x64A;&#x648;&#x62C;&#x631;&#x627;&#x641;&#x64A;&#x629;.</subfield>
  </datafield>
  <datafield tag="546" ind1=" " ind2=" ">
    <subfield code="a">&#x627;&#x644;&#x646;&#x635; &#x628;&#x627;&#x644;&#x644;&#x63A;&#x629; &#x627;&#x644;&#x639;&#x631;&#x628;&#x64A;&#x629; &#x61B; &#x645;&#x62A;&#x631;&#x62C;&#x645; &#x645;&#x646; &#x627;&#x644;&#x644;&#x63A;&#x629; &#x627;&#x644;&#x625;&#x646;&#x62C;&#x644;&#x64A;&#x632;&#x64A;&#x629;.</subfield>
  </datafield>
  <datafield tag="650" ind1=" " ind2="7">
    <subfield code="a">&#x627;&#x644;&#x645;&#x62E;&#x627;&#x628;&#x631;&#x627;&#x62A; &#x627;&#x644;&#x639;&#x633;&#x643;&#x631;&#x64A;&#x629;</subfield>
    <subfield code="z">&#x627;&#x644;&#x648;&#x644;&#x627;&#x64A;&#x627;&#x62A; &#x627;&#x644;&#x645;&#x62A;&#x62D;&#x62F;&#x629; &#x627;&#x644;&#x623;&#x645;&#x631;&#x64A;&#x643;&#x64A;&#x629;.</subfield>
    <subfield code="2">BUEsh</subfield>
  </datafield>
  <datafield tag="650" ind1=" " ind2="7">
    <subfield code="a">&#x627;&#x644;&#x62C;&#x627;&#x633;&#x648;&#x633;&#x64A;&#x629;</subfield>
    <subfield code="z">&#x627;&#x644;&#x648;&#x644;&#x627;&#x64A;&#x627;&#x62A; &#x627;&#x644;&#x645;&#x62A;&#x62D;&#x62F;&#x629; &#x627;&#x644;&#x623;&#x645;&#x631;&#x64A;&#x643;&#x64A;&#x629;.</subfield>
    <subfield code="2">BUEsh</subfield>
  </datafield>
  <datafield tag="651" ind1=" " ind2=" ">
    <subfield code="2">BUEsh</subfield>
  </datafield>
  <datafield tag="653" ind1=" " ind2=" ">
    <subfield code="b">BUSBOL</subfield>
    <subfield code="c">March2018</subfield>
  </datafield>
  <datafield tag="700" ind1="1" ind2=" ">
    <subfield code="a">&#x643;&#x648;&#x644;&#x645;&#x627;&#x646;&#x60C; &#x644;&#x64A;&#x633;&#x62A;&#x631; &#x646;&#x648;&#x643;&#x633;.</subfield>
    <subfield code="9">29695</subfield>
  </datafield>
  <datafield tag="710" ind1="2" ind2=" ">
    <subfield code="a">&#x645;&#x624;&#x633;&#x633;&#x629; &#x622;&#x62F;&#x645; &#x644;&#x644;&#x646;&#x634;&#x631;&#x60C;</subfield>
    <subfield code="e">&#x645;&#x62A;&#x631;&#x62C;&#x645;&#x60C;</subfield>
    <subfield code="e">&#x645;&#x639;&#x631;&#x628;&#x60C;</subfield>
    <subfield code="e">&#x645;&#x639;&#x62F;.</subfield>
  </datafield>
  <datafield tag="942" ind1=" " ind2=" ">
    <subfield code="2">ddc</subfield>
  </datafield>
  <datafield tag="999" ind1=" " ind2=" ">
    <subfield code="c">26218</subfield>
    <subfield code="d">26190</subfield>
  </datafield>
  <datafield tag="952" ind1=" " ind2=" ">
    <subfield code="0">0</subfield>
    <subfield code="1">0</subfield>
    <subfield code="2">ddc</subfield>
    <subfield code="4">0</subfield>
    <subfield code="7">0</subfield>
    <subfield code="a">MAIN</subfield>
    <subfield code="b">MAIN</subfield>
    <subfield code="c">1ST</subfield>
    <subfield code="d">2018-03-04</subfield>
    <subfield code="o">355.34320973 &#x643; &#x648; &#x62F;</subfield>
    <subfield code="p">000043025</subfield>
    <subfield code="r">2025-07-15 00:00:00</subfield>
    <subfield code="y">BB</subfield>
  </datafield>
</record>
